|
|
|
|
| LEADER |
00000cam a2200000 7i4500 |
| 001 |
0000000660 |
| 005 |
20000919.0 |
| 020 |
0 |
0 |
|a 9679784754
|
| 090 |
0 |
0 |
|a 320.9595
|b GOH 1994
|
| 100 |
1 |
0 |
|a GOH
|h Cheng Teik
|c 1943-
|
| 245 |
1 |
0 |
|a Malaysia :
|b beyond communal politics
|c Goh Cheng Teik
|
| 260 |
0 |
0 |
|a Petaling Jaya, Selangor :
|b Pelanduk Pub. ,
|c 1994
|
| 300 |
|
|
|a vi, 70p. ;
|c 22 cm.
|
| 500 |
0 |
0 |
|a Bibliography : [p. 57-63] and index
|
| 651 |
0 |
0 |
|a Malaysia
|x Ethnic relations
|x Political aspects
|
| 651 |
0 |
0 |
|a Malaysia
|x Politics and government
|
| 651 |
0 |
0 |
|a Malaysia
|x Race relations
|x Political aspects
|
| 999 |
|
|
|a 0000001780
|b Monograph
|c Open Shelf
|e Default branch
|